La muerte llama al arzobispo (Registro nro. 60430)

Detalles MARC
000 -CABECERA
Longitud fija campo de control 01449nam a2200373 4500
003 - • IDENTIFICADOR DELl NÚMERO DE CONTROL
Identificador del número de control CO-BoRNBP
005 - • FECHA Y HORA DE LA ÚLTIMA TRANSACCIÓN
Fecha y hora de la última transacción 20260205215359.0
007 - • CAMPO FIJO DE DESCRIPCIÓN FÍSICA
Campo fijo de descripción física ta
008 - • CÓDIGOS DE INFORMACIÓN DE LONGITUD FIJA
Códigos de información de longitud fija 000823s2000 sp | ||| ||spa
017 ## - NÚMERO DE COPYRIGHT O DE DEPÓSITO LEGAL
Número de copyright o de depósito legal M 4474-2000
Agencia que asigna el número Oficina Depósito Legal Madrid
020 ## - • NÚMERO INTERNACIONAL NORMALIZADO PARA LIBROS
Número Internacional Normalizado para Libros (ISBN) 8437617936
040 ## - FUENTE DE LA CATALOGACIÓN
Centro catalogador de origen SpMaBN
Lengua de catalogación spa
Centro transcriptor SpMaBN
Normas de descripción rdc
041 1# - • CÓDIGO DE LENGUA
Código de lengua del texto/banda sonora o título independiente spa
Código de lengua original eng
080 ## - NÚMERO DE LA CLASIFICACIÓN DECIMAL UNIVERSAL
Número de la Clasificación Decimal Universal 821.111(73)-31"19"
100 1# - • PUNTO DE ACCESO PRINCIPAL-NOMBRE DE PERSONA
Nombre de persona Cather, Willa
Fechas asociadas al nombre 1873-1947
240 10 - • TÍTULO UNIFORME
Título uniforme <a href="Death comes for the Archbishop">Death comes for the Archbishop</a>
245 13 - • TITULO PROPIAMENTE DICHO
Título La muerte llama al arzobispo
Medio [Texto impreso]
Mención de responsabilidad, etc. Willa Cather ; edición de Manuel Broncano ; traducción de Julio César Santoyo y Manuel Broncano
250 ## - • MENCI&Oacute;N DE EDICI&Oacute;N
Mención de edición 1a. edición
300 ## - • DESCRIPCI&Oacute;N F&Iacute;SICA
Extensión 332 p.
Otras características físicas il.
Dimensiones 18 cm
336 ## - TIPO DE CONTENIDO
Fuente rdacontent
Término de tipo de contenido texto
Código de tipo de contenido txt
337 ## - TIPO DE MEDIO
Fuente rdamedia
Nombre del tipo de medio sin mediación
Código del tipo de medio n
338 ## - TIPO DE SOPORTE
Fuente rdacarrier
Nombre del tipo de soporte volumen
Código del tipo de soporte nc
650 ## - • PUNTO DE ACCESO ADICIONAL DE MATERIA - T&Eacute;RMINO DE MATERIA
Fuente del encabezamiento o término LEMB
700 1# - • PUNTO DE ACCESO ADICIONAL - NOMBRE DE PERSONA
Nombre de persona Broncano Rodríguez, Manuel
942 ## - ENTRADA DE ELEMENTOS AGREGADOS (KOHA)
Fuente de clasificaión o esquema Dewey Decimal Classification
Koha [por defecto] tipo de item LIbro
956 ## - LOCALIZACI&Oacute;N Y ACCESO ELECTR&Oacute;NICO LOCAL (OCLC)
Nombre de la fuente 2
980 ## - EQUIVALENCIA O SECCI&Oacute;N-REFERENCIA-INFORME SERIES--NOMBRE &#47; T&Iacute;TULO DE PERSONA [LOCAL, CANADA]
Nombre personal M 4474-2000
-- 84-376-1793-6
-- SpMaBN
Numeración BNALCALA
Atributo cualificador 12/29468
T&íacute;tulos u otras palabras asociadas a nombre SG_PETANTI
980 ## - EQUIVALENCIA O SECCI&Oacute;N-REFERENCIA-INFORME SERIES--NOMBRE &#47; T&Iacute;TULO DE PERSONA [LOCAL, CANADA]
Nombre personal M 44343-2005
-- 84-376-1793-6
-- SpMaBN
Numeración BNALCALA
Atributo cualificador AHM/344542
T&íacute;tulos u otras palabras asociadas a nombre SG_PETANTI
980 ## - EQUIVALENCIA O SECCI&Oacute;N-REFERENCIA-INFORME SERIES--NOMBRE &#47; T&Iacute;TULO DE PERSONA [LOCAL, CANADA]
Nombre personal M 4474-2000
-- 84-376-1793-6
-- SpMaBN
Numeración BNALCALA
Atributo cualificador AHM/453321
T&íacute;tulos u otras palabras asociadas a nombre SG_PETANTI
980 ## - EQUIVALENCIA O SECCI&Oacute;N-REFERENCIA-INFORME SERIES--NOMBRE &#47; T&Iacute;TULO DE PERSONA [LOCAL, CANADA]
Nombre personal M 44343-2005
-- 84-376-1793-6
-- SpMaBN
Numeración BNALCALA
T&íacute;tulos u otras palabras asociadas a nombre SG_PETANTI
Atributo cualificador AHMO/195397
980 ## - EQUIVALENCIA O SECCI&Oacute;N-REFERENCIA-INFORME SERIES--NOMBRE &#47; T&Iacute;TULO DE PERSONA [LOCAL, CANADA]
Nombre personal M 4474-2000
-- 84-376-1793-6
-- SpMaBN
Numeración BNALCALA
Atributo cualificador DL/993949
T&íacute;tulos u otras palabras asociadas a nombre CONSERVACI
980 ## - EQUIVALENCIA O SECCI&Oacute;N-REFERENCIA-INFORME SERIES--NOMBRE &#47; T&Iacute;TULO DE PERSONA [LOCAL, CANADA]
Nombre personal M 44343-2005
-- 84-376-1793-6
-- SpMaBN
Numeración BNALCALA
Atributo cualificador DL/1471524
T&íacute;tulos u otras palabras asociadas a nombre CONSERVACI

No hay ítems disponibles.










Instituto Departamental de Cultura del Meta - Red Departamental de Bibliotecas Públicas del Meta.